000
00312nam a2200121Ia 4500
008
240624s9999 xx 000 0 und d
041
_a
eng
082
_a
333.7 HAK
100
_a
HAKSAR P N
245
_a
STORY OF MY CHILDHOOD ANY BOYHOOD
260
_c
1989
_a
Mumbai
_b
D. L. Shah Trust
300
_a
130 : p. : cm. ; 22
999
_c
9311
_d
9311